[Event "1. liga V 24/25, Jundrov-Poruba"]
[Site ""]
[Date "2025.01.05"]
[Round "5.5"]
[White "Buchta, Vaclav"]
[Black "Malik, Jan"]
[Result "1-0"]
[WhiteFideId "23739118"]
[BlackFideId "317500"]
[WhiteElo "2218"]
[BlackElo "2246"]
[PlyCount "0"]
[WhiteTeam "Jezdci Jundrov"]
[BlackTeam "SK Slavoj Poruba B"]
[EventDate "2024.10.20"]

1. e4 c5 2. Nf3 d6 3. d4 cxd4 4. Nxd4 Nf6 5. Nc3 a6 6. Bc4 e6 7. a3
Be7 8. O-O O-O 9. Ba2 Nc6 10. Be3 Bd7 11. f4 Rc8 12. f5 Nxd4 13. Bxd4 e5 14.
Be3 Rxc3 15. bxc3 Nxe4 16. Qd3 Nf6 17. Bg5 Qc7 18. Rad1 Qc5+ 19. Kh1 Bb5 20. c4
Bc6 21. Bxf6 gxf6 22. Qh3 Kh8 23. Rd3 Rg8 24. Rg3 Rxg3 25. Qxg3 Bf8 26. Qh4 Bg7
27. Qf2 Qxa3 28. Qb6 Bh6 29. Bb3 Qc5 30. Qxc5 dxc5 31. Ra1 Bd2 32. Ba4 Be4 33.
Rd1 Bb4 34. Rd7 Kg7 35. Rc7 Bxf5 36. Rxb7 Be6 37. Kg1 f5 38. Kf2 f4 39. Kf3 Kf6
40. Rb6 Kf5 41. Bc6 Kg5 42. Bd5 Bg4+ 43. Kf2 a5 44. g3 fxg3+ 45. hxg3 f5 46.
Bf3 Bxf3 47. Kxf3 e4+ 48. Ke2 Bc3 49. Rc6 h5 50. Rxc5 Kg4 51. Rc8 Kxg3 52. Ke3
a4 53. Rg8+ Kh3 54. c5 Be5 55. c6 h4 56. Rg7 a3 57. c7 Bxc7 58. Rxc7 Kg2 59.
Rg7+ Kf1 60. Rf7 h3 61. Rxf5+ Kg2 62. Rg5+ 1-0

[Event "1. liga V 24/25, Jundrov-Poruba"]
[Site ""]
[Date "2025.01.05"]
[Round "5.6"]
[White "Neumann, Filip"]
[Black "Slepov, Cyril"]
[Result "1/2-1/2"]
[WhiteFideId "375640"]
[BlackFideId "378364"]
[WhiteElo "2154"]
[BlackElo "2148"]
[PlyCount "0"]
[WhiteTeam "SK Slavoj Poruba B"]
[BlackTeam "Jezdci Jundrov"]
[EventDate "2024.10.20"]

1. d4 d5 2. Bf4 Nf6 3. e3 c5 4. Nc3 a6 5. dxc5 Qa5 6. Nf3 Bg4 7. Be2 Nc6 8. O-O e6 9. Ne5 Bf5
10. Bd3 Nxe5 11. Bxe5 Bg6 12. Bxf6 gxf6 13. Bxg6 hxg6 14. e4 Bxc5 15. exd5
O-O-O 16. Qf3 Qc7 17. g3 f5 18. Na4 Ba7 19. dxe6 fxe6 20. Qc3 b5 21. Qxc7+ Kxc7
22. Nc3 Rd2 23. Rac1 e5 24. Nb1 Rd7 25. Kg2 Rhd8 26. c4 b4 27. a3 a5 28. Rfe1
e4 29. Re2 Rd3 30. h4 Kc6 31. h5 gxh5 32. Rh1 Rh8 33. Nd2 bxa3 34. bxa3 Rxa3
35. Rb1 Ra2 36. Kf1 h4 37. Nb3 Ra3 38. gxh4 Rxh4 39. Kg2 Rg4+ 40. Kf1 Rg7 41.
c5 Rd7 42. Rc2 Rd3 43. Nd2 Rdc3 44. Rxc3 Rxc3 45. Nb3 a4 46. Nd4+ Kxc5 47. Nxf5
Kc4 48. Nd6+ Kd3 49. Rd1+ Kc2 50. Nxe4 Rc4 51. Rd7 Bd4 52. Ke2 a3 53. Nd2 Rb4
54. Rc7+ Bc3 55. Ra7 Bxd2 56. Rxa3 Re4+ 57. Kf3 Re8 58. Kg4 Rg8+ 59. Kf3 Bc3
60. Ke4 Re8+ 61. Kf4 Kd3 62. f3 Rf8+ 63. Kg4 Kd4 64. Ra4+ Kd5 65. Re4 Be5 66.
Ra4 Ke6 67. f4 Bd6 68. Kf3 Rb8 69. Ke4 Rb6 70. Rc4 Ra6 71. Rd4 Ra1 72. Rd3 Bc7
73. Rd4 Rf1 74. Ke3 Bb6 75. Ke2 Rb1 76. Rc4 Rb3 77. Kd2 Kf5 78. Ke2 Be3 79. Rc8
Bxf4 80. Rf8+ Ke4 81. Re8+ Be5 82. Re7 Rb2+ 83. Ke1 Kd4 84. Re8 Bf4 85. Rd8+
Ke3 86. Re8+ Kf3 87. Kd1 Rd2+ 88. Ke1 Rc2 89. Rd8 Rc7 90. Rd3+ Be3 91. Rd8 Rc1+
92. Rd1 Rc2 93. Rd8 Ke4 94. Rd7 Bd4 95. Re7+ Kd3 96. Kf1 Rf2+ 97. Ke1 Rf6 98.
Rd7 Rg6 99. Rf7 Bc5 100. Rf3+ Be3 101. Rf8 Rg3 102. Rd8+ Bd4 103. Rf8 Rg7 104.
Rf3+ Ke4 105. Rf8 Rg2 106. Re8+ Kd3 107. Rf8 Re2+ 108. Kf1 Rc2 109. Re8 Bf6
110. Re6 Bh4 111. Re8 Bg3 112. Re7 Bf4 113. Re8 Be3 114. Re7 Rf2+ 115. Ke1 Bc5
116. Re8 Bd4 117. Re7 Rf8 118. Rd7 Rg8 119. Rf7 Rg1+ 120. Rf1 Rxf1+ 121. Kxf1
1/2-1/2

[Event "1. liga V 24/25, Jundrov-Poruba"]
[Site ""]
[Date "2025.01.05"]
[Round "5.7"]
[White "Novosadova, Kristyna"]
[Black "Caletka, Radomir"]
[Result "1-0"]
[WhiteFideId "328065"]
[BlackFideId "321133"]
[WhiteElo "2124"]
[BlackElo "2178"]
[PlyCount "0"]
[WhiteTeam "Jezdci Jundrov"]
[BlackTeam "SK Slavoj Poruba B"]
[EventDate "2024.10.20"]

1. e4 c5 2.Nf3 a6 3. Nc3 b5 4. d4 cxd4 5. Qxd4 Bb7 6. Be3 Nc6 7. Qb6 Qxb6 8. Bxb6 e6 9. a4
b4 10. Ne2 Nf6 11. Ng3 d5 12. Bd3 Bd6 13. exd5 Nxd5 14. Ne4 Be7 15. Bc5 Nf4 16.
Bxe7 Nxd3+ 17. cxd3 Kxe7 18. Nc5 Na5 19. Nxb7 Nxb7 20. Rc1 Rhc8 21. Ke2 a5 22.
d4 Nd6 23. Kd3 f6 24. Rhe1 Kd7 25. Nd2 Rab8 26. Nb3 Nb7 27. Nc5+ Nxc5+ 28. dxc5
Rc6 29. f4 Rbc8 30. Kd4 g6 31. g4 R6c7 32. f5 gxf5 33. gxf5 exf5 34. Kd5 Rg8
35. c6+ Kc8 36. Kc5 Rcg7 37. Kb6 f4 38. Rc5 Rg5 39. Rxg5 fxg5 40. Re5 Kd8 41.
Rd5+ Ke7 42. c7 g4 43. Kb7 f3 44. Rxa5 Ke6 45. Rc5 h5 46. c8=Q+ Rxc8 47. Rxc8
h4 48. Rf8 Ke5 49. a5 Ke4 50. a6 g3 51. hxg3 hxg3 52. a7 g2 53. a8=Q g1=Q 54.
Kc7+ 1-0

[Event "1. liga V 24/25, Jundrov-Poruba"]
[Site ""]
[Date "2025.01.05"]
[Round "5.8"]
[White "Krajina, Ales"]
[Black "Gabriel, Adam"]
[Result "1/2-1/2"]
[WhiteFideId "302112"]
[BlackFideId "332020"]
[WhiteElo "2133"]
[BlackElo "2306"]
[PlyCount "0"]
[WhiteTeam "SK Slavoj Poruba B"]
[BlackTeam "Jezdci Jundrov"]
[EventDate "2024.10.20"]

1. d4 d5 2. Nf3 c6 3. Bf4 Qb6 4. Qc1 Bf5 5. e3 e6 6. Nbd2 Nf6 7. a3
Nbd7 8. h3 h6 9. c4 a5 10. c5 Qa7 11. Be2 b6 12. b4 axb4 13. cxb6 Qxb6 14. axb4
Rxa1 15. Qxa1 Bxb4 16. Qa8+ Nb8 17. Qxb8+ Qxb8 18. Bxb8 O-O 19. g4 Bg6 20. Ba7
Ne4 21. Bc5 Nxc5 22. dxc5 Ra8 23. O-O Ra2 24. Rd1 Bc2 25. Nb3 Bxb3 26. Rb1 Rxe2
27. Rxb3 Bxc5 28. Rc3 Be7 29. Rxc6 Bf6 30. Rc8+ Kh7 31. Rf8 Kg6 32. h4 e5 33.
h5+ Kh7 34. Kf1 Ra2 35. Rxf7 e4 36. Ng1 d4 1/2-1/2

[Event "1. liga V 24/25, Dobra-BSS"]
[Site ""]
[Date "2025.01.05"]
[Round "5.1"]
[White "Hrbek, Stepan"]
[Black "Stalmach, Richard"]
[Result "1/2-1/2"]
[WhiteFideId "393479"]
[BlackFideId "372048"]
[WhiteElo "2409"]
[BlackElo "2455"]
[PlyCount "0"]
[WhiteTeam "Sokol Dobra"]
[BlackTeam "BSS Frydek-Mistek B"]
[EventDate "2024.10.20"]

1. Nf3 Nf6 2. b3 g6 3. Bb2 Bg7 4. g3 c5 5. c4 d6 6. Bg2 e5
7. Nc3 O-O 8. O-O Nc6 9. d3 Re8 10. Nd2 Be6 11. Nd5 Bxd5 12. cxd5 Nb4 13. e4
Nxd3 14. Bc3 Nb4 15. a3 Na6 16. b4 cxb4 17. axb4 Qb6 18. Qb3 Bh6 19. Nc4 Qc7
20. Ne3 Rec8 21. Bd2 Qb6 22. b5 Nc5 23. Qb1 Ncxe4 24. Bxe4 Qd4 25. Bf5 gxf5 26.
Qxf5 Qxd2 27. Qxf6 Bxe3 28. fxe3 Qxe3+ 29. Rf2 Rf8 30. Ra4 e4 31. Qxd6 Rad8 32.
Qe5 Rde8 33. Qf6 Qb6 34. Rxa7 Qxf6 35. Rxf6 e3 36. Rf1 Re7 37. d6 Rd7 38. Re1
Re8 39. Ra3 Rxd6 40. Raxe3 Rxe3 41. Rxe3 Rd5 42. Rb3 Rf5 43. Kg2 h5 44. b6 Kg7
45. Rd3 Rf6 46. Rb3 Kg6 47. Rb5 Rd6 48. Kf3 Rd2 49. h4 Rd3+ 50. Kf4 f6 51. Rb4
Rc3 52. Rd4 Rb3 53. Rd6 Rb4+ 54. Kf3 Rb5 55. Ke4 Rb3 56. Kf4 Rb1 57. Ke4 Rb5
58. Kd4 Rb3 59. Kc5 Rc3+ 60. Kb5 Rb3+ 61. Kc5 Rc3+ 62. Kb5 Rb3+ 63. Kc5 Rc3+
64. Kb5 Rxg3 65. Rd7 Rb3+ 66. Kc5 Rc3+ 67. Kb5 Rb3+ 68. Kc5 Rc3+ 69. Kb5 Rb3+
70. Kc5 Kf5 71. Rxb7 Kg4 72. Re7 f5 73. b7 f4 74. Kc6 f3 75. Rf7 Kg3 76. Kc7
Rc3+ 77. Kd7 Rd3+ 78. Kc7 Rc3+ 79. Kd7 Rd3+ 80. Kc7 Rc3+ 81. Kd7 1/2-1/2

[Event "1. liga V 24/25, Dobra-BSS"]
[Site ""]
[Date "2025.01.05"]
[Round "5.2"]
[White "Gnojek, Petr"]
[Black "Bochnicka, Vladimir"]
[Result "1/2-1/2"]
[WhiteFideId "371807"]
[BlackFideId "14943450"]
[WhiteElo "2431"]
[BlackElo "2345"]
[PlyCount "0"]
[WhiteTeam "BSS Frydek-Mistek B"]
[BlackTeam "Sokol Dobra"]
[EventDate "2024.10.20"]

1. d4 d5 2. c4 e6 3. Nf3 Nf6 4. Nc3 c5 5. cxd5 cxd4 6. Qa4+
Bd7 7. Qxd4 exd5 8. Nxd5 Qa5+ 9. Nc3 Nc6 10. Qd1 Ne4 11. Bd2 Nxd2 12. Nxd2 Bb4
13. Rc1 Bxc3 14. Rxc3 Qxa2 15. e3 Be6 16. Qc1 O-O 17. Be2 Rfd8 18. O-O Qa5 19.
Ne4 Qe5 20. Bf3 Bd5 21. Rc5 Qe7 22. Nf6+ Qxf6 23. Bxd5 Nb4 24. Rd1 Nxd5 25.
Rcxd5 Rxd5 26. Rxd5 h6 27. h3 Qe6 28. Qd2 Rc8 29. Rd7 Qc6 30. b4 a6 31. Qd4 Qb5
32. Re7 Qc6 33. Qf4 Rf8 34. Rc7 Qd5 35. e4 Qd1+ 36. Kh2 b5 37. e5 Qd5 38. Rc5
Qd7 39. Qe4 Rd8 40. Rc6 Qd5 41. Qxd5 1/2-1/2

[Event "1. liga V 24/25, Dobra-BSS"]
[Site ""]
[Date "2025.01.05"]
[Round "5.3"]
[White "Marek, Matyas"]
[Black "Mica, Marek"]
[Result "1/2-1/2"]
[WhiteFideId "335398"]
[BlackFideId "382884"]
[WhiteElo "2314"]
[BlackElo "2344"]
[PlyCount "0"]
[WhiteTeam "Sokol Dobra"]
[BlackTeam "BSS Frydek-Mistek B"]
[EventDate "2024.10.20"]

1. d4 Nf6 2. Bf4 d5 3. e3 e6 4. Nf3 c5 5. c3 Bd6 6. Bb5+
Nc6 7. Bxc6+ bxc6 8. Bxd6 Qxd6 9. Qa4 cxd4 10. cxd4 O-O 11. Qa3 Qxa3 12. Nxa3
Rb8 13. b3 Nd7 14. Rc1 Rb6 15. Rc2 Ba6 16. Kd2 f6 17. Nb1 e5 18. Rhc1 e4 19.
Ne1 Bb7 20. Nc3 g5 21. Na4 Rb5 22. Nc5 Nxc5 23. Rxc5 Rb6 24. Nc2 f5 25. Ra5 a6
26. b4 f4 27. a3 Bc8 28. Na1 h5 29. Rac5 Rf6 30. Nb3 h4 31. Rg1 fxe3+ 32. Kxe3
Kf8 33. Nd2 Ke7 34. f3 Bf5 35. g3 Re6 36. gxh4 exf3+ 37. Kxf3 g4+ 38. Kf2 Rh6
39. Re1+ Be6 40. Kg3 Kd6 41. h3 gxh3 42. Nf3 Rb7 43. Ng5 Rg7 44. Rc2 Bf5 45.
Rf2 Be4 46. Ref1 Rh5 47. Rf6+ Kc7 48. Rf7+ Rxf7 49. Rxf7+ Kb6 50. Kxh3 Bd3 51.
Nf3 Bf5+ 52. Kg3 Kb5 53. Ne5 Ka4 54. Ra7 Kxa3 55. Rxa6+ Kxb4 56. Rxc6 Rh8 57.
Nf7 Rh7 58. Ng5 Rh8 59. Rc5 Rd8 60. h5 Bd3 61. Rc6 Rh8 62. h6 Kb5 63. Rf6 Kc4
64. Ne6 Rg8+ 65. Kf4 Rg1 66. Ke5 Rh1 67. Kd6 Be2 68. Ke5 Rh5+ 69. Kf4 Rh1 70.
Ke3 Bd3 71. Nf4 Be4 72. Rc6+ Kb5 73. Re6 Kc4 74. Ne2 Rh3+ 75. Kf4 Kd3 76. Ng3
Kxd4 77. Nxe4 dxe4 78. Rxe4+ Kd5 79. Re5+ Kd6 80. Ra5 Ke7 81. Kg5 Kf7 82. Ra7+
1/2-1/2

[Event "1. liga V 24/25, Dobra-BSS"]
[Site ""]
[Date "2025.01.05"]
[Round "5.4"]
[White "Rabatin, Jakub"]
[Black "Berezjuk, Sergej"]
[Result "1/2-1/2"]
[WhiteFideId "329517"]
[BlackFideId "312614"]
[WhiteElo "2310"]
[BlackElo "2352"]
[PlyCount "0"]
[WhiteTeam "BSS Frydek-Mistek B"]
[BlackTeam "Sokol Dobra"]
[EventDate "2024.10.20"]

1. e4 e5 2. Nf3 Nf6 3. Nxe5 d6 4. Nf3 Nxe4 5. Nc3 Nxc3 6.
dxc3 Be7 7. Be3 O-O 8. Qd2 Nd7 9. O-O-O Nf6 10. Bd3 c5 11. Kb1 b5 12. Rhe1 Rb8
13. Bf4 Rb6 14. Qe2 Be6 15. Ng5 d5 16. Nxe6 fxe6 17. Bf5 Ne4 18. Bxe4 Rxf4 19.
Bf3 Qf8 20. Bg4 Re4 21. Qf3 Qxf3 22. Bxf3 Rxe1 23. Rxe1 Kf7 24. Bg4 Bf6 1/2-1/2

[Event "1. liga V 24/25, Dobra-BSS"]
[Site ""]
[Date "2025.01.05"]
[Round "5.5"]
[White "Kula, Dominik"]
[Black "Virostko, Petr"]
[Result "0-1"]
[WhiteFideId "344338"]
[BlackFideId "308340"]
[WhiteElo "2190"]
[BlackElo "2286"]
[PlyCount "0"]
[WhiteTeam "Sokol Dobra"]
[BlackTeam "BSS Frydek-Mistek B"]
[EventDate "2024.10.20"]

1. e4 c5 2. Nc3 e6 3. Nf3 a6 4. d4 cxd4 5. Nxd4 Qc7 6. Qf3
d6 7. Bg5 Nd7 8. Qg3 h6 9. Be3 Ngf6 10. a4 Ne5 11. Be2 Be7 12. O-O h5 13. h4
Nfg4 14. Bg5 f6 15. Bf4 Qb6 16. Nb3 Bd7 17. a5 Qa7 18. Bxg4 hxg4 19. Bxe5 dxe5
20. Qxg4 Kf7 21. Rad1 Bc6 22. Rd3 Rh6 23. Rg3 g6 24. Rd1 b5 25. axb6 Qxb6 26.
h5 g5 27. Qf3 f5 28. Qe2 f4 29. Rh3 a5 30. Rb1 a4 31. Nd2 Rd8 32. Nc4 Qc5 33.
b4 axb3 34. cxb3 Rd4 35. Rd1 Bb7 36. Rhd3 Rxd3 37. Rxd3 Ba6 38. Rd7 Ke8 39. Rd1
Qb4 40. Nd6+ Qxd6 41. Qb2 Qb4 0-1

[Event "1. liga V 24/25, Dobra-BSS"]
[Site ""]
[Date "2025.01.05"]
[Round "5.6"]
[White "Paseka, Matyas"]
[Black "Kratochvil, Josef"]
[Result "1-0"]
[WhiteFideId "23703296"]
[BlackFideId "328626"]
[WhiteElo "2264"]
[BlackElo "2237"]
[PlyCount "0"]
[WhiteTeam "BSS Frydek-Mistek B"]
[BlackTeam "Sokol Dobra"]
[EventDate "2024.10.20"]

1. e4 c5 2. Nf3 e6 3. d4 cxd4 4. Nxd4 a6 5. Nc3 b5 6. Bd3
Bb7 7. Qe2 Bc5 8. Nb3 Be7 9. Bd2 Nc6 10. O-O d6 11. a4 b4 12. Na2 a5 13. Bb5
Bf6 14. c3 bxc3 15. Nxc3 Nge7 16. Rfd1 O-O 17. Be3 Qb8 18. Rac1 Nb4 19. Bf4 e5
20. Be3 Rc8 21. Bb6 Bg5 22. Ra1 Nec6 23. Qh5 Bd8 24. Bxd8 Nxd8 25. Nd2 Nc2 26.
Rac1 Nd4 27. Bc4 N8e6 28. Nb5 g6 29. Qh6 Ba6 30. Rc3 Bxb5 31. axb5 Qa7 32. Rh3
Nf8 33. Bd5 Rab8 34. Nc4 Qe7 35. b6 Ne2+ 36. Kf1 Nf4 37. Rc3 Nxd5 38. Rxd5 Rc6
39. Rxa5 Nd7 40. Ra7 Qe6 41. b3 d5 42. exd5 Qxd5 43. Ra1 Nf6 44. Qe3 e4 45.
Rcc1 Qf5 46. Qg3 Re8 47. b7 Qb5 48. Ra8 Rd6 49. Qxd6 1-0

[Event "1. liga V 24/25, Dobra-BSS"]
[Site ""]
[Date "2025.01.05"]
[Round "5.7"]
[White "Slanina, Miroslav"]
[Black "Nytra, Ondrej"]
[Result "1/2-1/2"]
[WhiteFideId "304867"]
[BlackFideId "371955"]
[WhiteElo "2156"]
[BlackElo "2231"]
[PlyCount "0"]
[WhiteTeam "Sokol Dobra"]
[BlackTeam "BSS Frydek-Mistek B"]
[EventDate "2024.10.20"]

1. d4 d5 2. Nf3 Nf6 3. Bf4 c5 4. c3 Nc6 5. e3 Qb6 6. Qc2 g6
7. Nbd2 Bf5 8. dxc5 Qxc5 9. Qb3 Qb6 10. Qxb6 axb6 11. Nd4 e5 12. Bg5 Nd7 13.
Nxf5 gxf5 14. Bd3 f6 15. Bh4 e4 16. Be2 Kf7 17. Bg3 Nc5 18. Bc7 Ne5 19. O-O
Ncd3 20. Rab1 b5 21. Nb3 Kg6 22. a3 Bh6 23. Bxe5 fxe5 24. Rbd1 Nxb2 25. Rxd5
Rhc8 26. Rxb5 Rxc3 27. Rxb7 Bf8 28. Rb6+ Kg7 29. Rb7+ Kh8 30. Rc1 Rxc1+ 31.
Nxc1 Rxa3 32. Rxb2 Ra1 33. Rc2 Ba3 34. g3 Rxc1+ 35. Rxc1 Bxc1 36. Bb5 f4 37.
gxf4 exf4 38. exf4 Bxf4 39. Kg2 e3 40. Kf3 Bxh2 41. fxe3 1/2-1/2

[Event "1. liga V 24/25, Dobra-BSS"]
[Site ""]
[Date "2025.01.05"]
[Round "5.8"]
[White "Holeksa, Zdenek"]
[Black "Filip, Tomas"]
[Result "1/2-1/2"]
[WhiteFideId "316261"]
[BlackFideId "358037"]
[WhiteElo "2280"]
[BlackElo "1994"]
[PlyCount "0"]
[WhiteTeam "BSS Frydek-Mistek B"]
[BlackTeam "Sokol Dobra"]
[EventDate "2024.10.20"]

1. e4 c5 2. Nf3 d6 3. d4 cxd4 4. Nxd4 Nf6 5. Nc3 a6 6. Be3
e5 7. Nb3 Be6 8. f3 Be7 9. Qd2 O-O 10. O-O-O a5 11. Kb1 a4 12. Nc1 a3 13. b3
Ra5 14. Bg5 Nbd7 15. Bxf6 Nxf6 16. g4 d5 17. g5 Nh5 18. exd5 Bxg5 19. Qe1 Bf5
20. Bd3 Bxc1 21. Kxc1 Bxd3 22. Rxd3 Nf4 23. Rd2 Qc7 24. Qe3 Rc5 25. Ne4 Rxd5
26. Rhd1 Rfd8 27. Rxd5 Rxd5 28. Rxd5 Nxd5 29. Qa7 h6 30. Qxa3 f5 31. Qd6 Qf7
32. Ng3 f4 33. Ne4 Ne3 34. Qxe5 Qd7 35. Nd6 Qc6 36. Qe8+ Qxe8 37. Nxe8 Nf5 38.
Nc7 Nd4 39. a4 Kf7 40. Nb5 Nxf3 41. Nd6+ Ke6 42. Nxb7 Nxh2 43. Kd1 g5 44. Nc5+
Kd5 45. Nd3 f3 46. Ke1 Ng4 47. a5 h5 48. c4+ Kc6 49. Kf1 h4 50. Kg1 h3 51. b4
Ne3 52. Ne5+ Kb7 53. Nxf3 Nxc4 54. Nxg5 Nxa5 55. bxa5 Ka6 56. Nxh3 Kxa5 1/2-1/2

[Event "1. liga V 24/25"]
[Site ""]
[Date "2025.01.19"]
[Round "6.1"]
[White "Brozka, Karel"]
[Black "Gnojek, Petr"]
[Result "1/2-1/2"]
[WhiteFideId "398705"]
[BlackFideId "371807"]
[WhiteElo "2239"]
[BlackElo "2431"]
[PlyCount "0"]
[WhiteTeam "TJ CHS Chotebor"]
[BlackTeam "BSS Frydek-Mistek B"]
[EventDate "2024.10.20"]

1. d4 g6 2. c4 Bg7 3. Nf3 d6 4. Nc3 e5 5. Bg5 f6 6. Bc1 Nc6 7. e3 f5 8. Be2
Nf6 9. Rb1 O-O 10. b4 Ne4 11. Nd5 exd4 12. exd4 Ne7 13. Nxe7+ Qxe7 14. Bb2 f4
15. O-O Bf5 16. Bd3 Rae8 17. Re1 d5 18. cxd5 Qxb4 19. Bc1 Qa5 20. Rxb7 Qxa2
21. Qc2 Qxc2 22. Bxc2 Nd6 23. Rxc7 Nb5 24. Rxe8 Rxe8 25. Rc5 Bxc2 26. Rxb5 Bd3
27. Ra5 Bxd4 28. Bxf4 Bb6 29. Ra3 Be4 30. d6 Bxf3 31. gxf3 Kf7 32. Kg2 Ke6 33.
h4 Kd7 34. Ra2 Bc5 35. Kg3 Rf8 36. Be5 Ke6 37. f4 Rf7 38. Kf3 Kd5 39. Rd2+ Kc6
40. Rc2 Kd5 41. Rd2+ Ke6 42. Ra2 Rd7 43. Ke4 Bxd6 44. Ra6 h5 45. Bxd6 Rxd6 46.
Rxa7 Rb6 47. Ra3 1/2-1/2

[Event "1. liga V 24/25"]
[Site ""]
[Date "2025.01.19"]
[Round "6.2"]
[White "Mica, Marek"]
[Black "Vesely, Vitek"]
[Result "1-0"]
[WhiteFideId "382884"]
[BlackFideId "348880"]
[WhiteElo "2344"]
[BlackElo "2191"]
[PlyCount "0"]
[WhiteTeam "BSS Frydek-Mistek B"]
[BlackTeam "TJ CHS Chotebor"]
[EventDate "2024.10.20"]

1. d4 Nf6 2. c4 e6 3. Nf3 Bb4+ 4. Nbd2 b6 5. a3 Bxd2+ 6. Qxd2 Bb7 7. e3 O-O 8.
Be2 Ne4 9. Qc2 f5 10. O-O d6 11. b4 Nd7 12. Bb2 Qe7 13. d5 e5 14. Bd3 Ndf6 15.
Nd2 Nxd2 16. Qxd2 g6 17. f3 a5 18. Rac1 axb4 19. axb4 Nd7 20. Bc2 Rfb8 21. Bb3
Nf6 22. Ra1 Rxa1 23. Rxa1 Ra8 24. Rc1 Re8 25. Qd1 Ra8 26. c5 bxc5 27. bxc5 Qf7
28. c6 Bc8 29. Ra1 Rb8 30. Bc3 g5 31. Ra7 f4 32. exf4 gxf4 33. Bxe5 dxe5 34.
Rxc7 Qg6 35. d6+ Kh8 36. d7 Bxd7 37. cxd7 Nxd7 38. Qxd7 1-0

[Event "1. liga V 24/25"]
[Site ""]
[Date "2025.01.19"]
[Round "6.3"]
[White "Jun, Rudolf"]
[Black "Rabatin, Jakub"]
[Result "1/2-1/2"]
[WhiteFideId "376612"]
[BlackFideId "329517"]
[WhiteElo "2219"]
[BlackElo "2310"]
[PlyCount "0"]
[WhiteTeam "TJ CHS Chotebor"]
[BlackTeam "BSS Frydek-Mistek B"]
[EventDate "2024.10.20"]

1. e4 c5 2. Nf3 d6 3. Nc3 a6 4. a4 Nf6 5. g3 Nc6 6. Bg2 g6 7. O-O Bg7 8. Re1
Bg4 9. h3 Bxf3 10. Bxf3 Nd7 11. Bg2 O-O 12. d3 Rb8 13. f4 Qc8 14. Nd5 e6 15.
Ne3 b5 16. axb5 axb5 17. Ra2 Qc7 18. Bd2 Nb4 19. Bxb4 cxb4 20. Qd2 Qc5 21. Kh2
Rfc8 22. Re2 Rc7 23. f5 Rbc8 24. b3 Bc3 25. Qc1 Ra7 26. Rxa7 Qxa7 27. Ng4 h5
28. fxe6 fxe6 29. Qg5 Nf8 30. Nf6+ Bxf6 31. Qxf6 Qg7 32. Qxg7+ Kxg7 33. e5 d5
34. d4 g5 35. Bf1 Ng6 36. Rd2 h4 37. Bxb5 Rc3 38. Bd3 hxg3+ 39. Kxg3 Nf4 40.
Kg4 1/2-1/2

[Event "1. liga V 24/25"]
[Site ""]
[Date "2025.01.19"]
[Round "6.4"]
[White "Paseka, Matyas"]
[Black "Ondracek, Ondrej"]
[Result "1-0"]
[WhiteFideId "23703296"]
[BlackFideId "325708"]
[WhiteElo "2264"]
[BlackElo "2105"]
[PlyCount "0"]
[WhiteTeam "BSS Frydek-Mistek B"]
[BlackTeam "TJ CHS Chotebor"]
[EventDate "2024.10.20"]

1. e4 e5 2. Nf3 Nc6 3. Bb5 a6 4. Ba4 Nf6 5. O-O b5 6. Bb3 Be7 7. Re1 d6 8. c3
O-O 9. h3 Na5 10. Bc2 c5 11. d4 Qc7 12. Nbd2 cxd4 13. cxd4 Rd8 14. b3 Nc6 15.
Bb2 Nxd4 16. Nxd4 exd4 17. Nf3 Be6 18. Rc1 Qb7 19. Nxd4 d5 20. e5 Ne8 21. f4
g6 22. f5 gxf5 23. Bxf5 Ng7 24. Bb1 Qa7 25. Kh1 Bc5 26. Nc6 Qb6 27. Nxd8 Rxd8
28. Qc2 1-0

[Event "1. liga V 24/25"]
[Site ""]
[Date "2025.01.19"]
[Round "6.5"]
[White "Tuma, Jiri"]
[Black "Nytra, Ondrej"]
[Result "1/2-1/2"]
[WhiteFideId "318337"]
[BlackFideId "371955"]
[WhiteElo "2264"]
[BlackElo "2231"]
[PlyCount "0"]
[WhiteTeam "TJ CHS Chotebor"]
[BlackTeam "BSS Frydek-Mistek B"]
[EventDate "2024.10.20"]

1. d4 d5 2. Nf3 Nf6 3. e3 c6 4. Bd3 g6 5. O-O Bg7 6. b3 O-O 7. Nbd2 Nbd7 8.
Bb2 b6 9. Qe2 Re8 10. Ne5 Nxe5 11. dxe5 Nd7 12. f4 f6 13. e4 fxe5 14. exd5 e4
15. dxc6 Bxb2 16. cxd7 Qxd7 17. Bc4+ Kg7 18. Rad1 Qd4+ 19. Kh1 Bb7 20. c3 Bxc3
21. Nb1 Qf6 22. Nxc3 Qxc3 23. Bd5 Bxd5 24. Rxd5 Rad8 25. Qxe4 Qf6 1/2-1/2

[Event "1. liga V 24/25"]
[Site ""]
[Date "2025.01.19"]
[Round "6.6"]
[White "Holeksa, Zdenek"]
[Black "Vala, Filip"]
[Result "1/2-1/2"]
[WhiteFideId "316261"]
[BlackFideId "325490"]
[WhiteElo "2280"]
[BlackElo "2125"]
[PlyCount "0"]
[WhiteTeam "BSS Frydek-Mistek B"]
[BlackTeam "TJ CHS Chotebor"]
[EventDate "2024.10.20"]

1. e4 d6 2. d4 Nf6 3. Nc3 g6 4. f4 Bg7 5. Nf3 O-O 6. Bd3 c5 7. d5 Na6 8. O-O
Bg4 9. h3 Bxf3 10. Qxf3 Nb4 11. Be3 c4 12. Bxc4 Nxc2 13. Rac1 Nxe3 14. Qxe3
Nd7 15. Kh1 a6 16. Rc2 b5 17. Be2 Qb6 18. Qxb6 Nxb6 19. Rfc1 Rfc8 20. Nd1 Rxc2
21. Rxc2 Rc8 22. Rxc8+ Nxc8 23. g3 Nb6 24. b3 e6 25. dxe6 fxe6 26. Kg2 Kf7 27.
Kf3 e5 28. Ne3 Ke6 29. Nc2 d5 30. Nb4 exf4 31. gxf4 a5 32. Nxd5 Nxd5 33. exd5+
Kxd5 34. Bxb5 Kd4 35. Be8 Bf6 36. Bf7 g5 37. f5 Ke5 38. Kg4 h6 39. Be6 Bg7 40.
Bc8 Bf8 41. Bd7 Kd6 42. Be8 Ke5 43. Bb5 Kf6 44. Bd3 Ke5 45. Bb1 Kf6 46. Kh5
Bg7 47. Bc2 Bf8 48. Kg4 Ke5 49. Bd3 Kd4 50. Bc4 Ke5 51. Bf7 Kf6 52. Be8 Ke5
53. Bg6 Bg7 54. Kg3 Bf6 55. Kg4 Bg7 56. Be8 Kf6 57. Bd7 Ke7 58. Be6 Kf6 59.
Kf3 Ke5 60. Ke3 h5 61. Kd3 Bf6 62. a3 Be7 63. b4 axb4 64. a4 g4 65. hxg4 hxg4
66. a5 g3 67. Ke2 b3 68. a6 Bc5 69. Kf3 b2 70. Ba2 Kxf5 71. Kxg3 Ke4 72. Kg4
Be3 73. Bb1+ Kd5 74. Kf5 Kc6 75. Ke4 Bc1 76. Ke5 Kb6 77. Bd3 Ka7 78. Kd4 b1=Q
79. Bxb1 Kxa6 1/2-1/2

[Event "1. liga V 24/25"]
[Site ""]
[Date "2025.01.19"]
[Round "6.7"]
[White "Pejrimovska, Viola Ruby"]
[Black "Weissmann, Lukas"]
[Result "0-1"]
[WhiteFideId "23709529"]
[BlackFideId "315087"]
[WhiteElo "1876"]
[BlackElo "2095"]
[PlyCount "0"]
[WhiteTeam "TJ CHS Chotebor"]
[BlackTeam "BSS Frydek-Mistek B"]
[EventDate "2024.10.20"]

1. e4 e5 2. Nf3 Nc6 3. Nc3 Nf6 4. d4 exd4 5. Nd5 Nb4 6. Nxf6+ Qxf6 7. a3 Nc6
8. Bd3 h6 9. O-O d6 10. Ne1 Be6 11. f4 O-O-O 12. Kh1 g5 13. c4 gxf4 14. b4 Rg8
15. Bxf4 Qh4 16. Qd2 Ne5 17. Bxe5 dxe5 18. c5 Be7 19. Nf3 Qh5 20. Qc2 Bg5 21.
Nxe5 Be3 22. Nc4 Rg5 23. Nxe3 dxe3 24. c6 Rdg8 25. cxb7+ Kb8 26. Rac1 c5 27.
Be2 Qg6 28. g3 Bg4 29. Bxg4 Rxg4 30. bxc5 Qc6 31. Rxf7 Rxe4 32. Qg2 e2 33. Re7
Qxc5 34. Rxe4 Qxc1+ 35. Qg1 Qc6 36. Qg2 Rf8 37. h4 Rf1+ 38. Kh2 Qxe4 39. Qxe4
e1=Q 40. Qc6 Qf2+ 41. Kh3 Qf5+ 42. Kg2 Rf2+ 43. Kg1 Rc2 0-1

[Event "1. liga V 24/25"]
[Site ""]
[Date "2025.01.19"]
[Round "6.8"]
[White "Trojan, Matyas"]
[Black "Fiala, Milan"]
[Result "1-0"]
[WhiteFideId "23710764"]
[BlackFideId "346829"]
[WhiteElo "2090"]
[BlackElo "1877"]
[PlyCount "0"]
[WhiteTeam "BSS Frydek-Mistek B"]
[BlackTeam "TJ CHS Chotebor"]
[EventDate "2024.10.20"]

1. e4 c5 2. Nf3 Nc6 3. d4 cxd4 4. Nxd4 Nf6 5. Nc3 e5 6. Ndb5 d6 7. Nd5 Nxd5 8.
exd5 Ne7 9. c4 Nf5 10. Bd3 g6 11. O-O a6 12. Bg5 Be7 13. Bxe7 Qxe7 14. Nc3 O-O
15. Qd2 Kg7 16. f4 f6 17. Rae1 Qc7 18. Ne4 Nd4 19. Qb4 Bf5 20. fxe5 fxe5 21.
c5 a5 22. cxd6 Qd7 23. Qa3 b5 24. Nc5 Qa7 25. Bxf5 Rxf5 26. Rxf5 Nxf5 27. Kh1
b4 28. Ne6+ Kg8 29. Qd3 Nxd6 30. Rxe5 Rc8 31. Re1 Qf2 32. Rf1 Qxb2 33. Qf3 h6
34. Qg3 Rc1 35. Qxg6+ Kh8 36. Qxh6+ Kg8 37. Qxc1 1-0

[Event "1. liga V 24/25"]
[Site ""]
[Date "2025.01.19"]
[Round "6.1"]
[White "Niedbala, Bartlomiej"]
[Black "Marek, Matyas"]
[Result "1/2-1/2"]
[WhiteFideId "21834008"]
[BlackFideId "335398"]
[WhiteElo "2387"]
[BlackElo "2314"]
[PlyCount "0"]
[WhiteTeam "SK Slavoj Poruba B"]
[BlackTeam "Sokol Dobra"]
[EventDate "2024.10.20"]

1. e4 c5 2. Nf3 d6 3. d4 cxd4 4. Nxd4 Nf6 5. Nc3 Nc6 6. Bg5 Bd7 7. Qd2 Rc8 8.
O-O-O Nxd4 9. Qxd4 Qa5 10. Bd2 a6 11. Kb1 Qc5 12. Qxc5 Rxc5 13. f3 h5 14. h4
g6 15. Be3 Rc6 16. Nd5 Bg7 17. Bg5 Nxd5 18. exd5 Rc5 19. Be3 Rc7 20. Bd3 Be5
21. Bb6 1/2-1/2